Unfinished business: New Zealand's experience with rights-based fisheries management
Zapisane w:
| 1. autor: | |
|---|---|
| Format: | Książka |
| Język: | angielski |
| Wydane: |
Delft
The Norwegian College of Fishery Science
2002
|
| Wydanie: | 1a. ed |
| Hasła przedmiotowe: | |
| Etykiety: |
Dodaj etykietę
Nie ma etykietki, Dołącz pierwszą etykiete!
|
MARC
| LEADER | 00000nam a2200000 a 4500 | ||
|---|---|---|---|
| 001 | UCJ9172 | ||
| 003 | CL-VaPUC | ||
| 008 | 070309e20020000NE |||||||||||||||||eng|d | ||
| 020 | |a 9051668821 | ||
| 082 | 0 | 4 | |a 639.2 |b HER |2 21 |
| 100 | 0 | |a Hersoug, Bjorn |e author |9 519084 | |
| 245 | 1 | 0 | |a Unfinished business: New Zealand's experience with rights-based fisheries management |
| 250 | |a 1a. ed | ||
| 300 | |a 246 p | ||
| 942 | |c BK | ||
| 945 | |d 20070309 00:00:00 |a cmena | ||
| 260 | |a Delft |b The Norwegian College of Fishery Science |c 2002 | ||
| 650 | 7 | |a PESCA COMERCIAL |2 CL-VaPUC |9 519085 | |
| 650 | 0 | |a Acuicultura |9 258883 | |
| 650 | 0 | |a Política gubernamental |9 262286 | |
| 650 | 7 | |a CUOTAS DE PESCA |2 CL-VaPUC |9 465747 | |
| 651 | 7 | |a NUEVA ZELANDA |2 CL-VaPUC |9 367010 | |
| 583 | |a last modification |c 20070309 00:00:00 |k Rodrigo Vera | ||
| 999 | |c 324758 |d 324756 | ||
| 952 | |0 0 |1 0 |4 0 |6 639_200000000000000_HER_2002 |7 0 |8 CCM |9 405117 |a BIBCUR |b BIBCUR |d 2019-11-22 |i 4323238 |o 639.2 HER 2002 |p 4323238 |r 2025-04-22 |w 2019-11-22 |y BK |k CIM | ||